History of science and technology / (Record no. 13319)
[ view plain ]
| 000 -LEADER | |
|---|---|
| fixed length control field | 00420cam a2200169ua 4500 |
| 041 ## - LANGUAGE CODE | |
| Language code of text/sound track or separate title | eng |
| 082 ## - DEWEY DECIMAL CLASSIFICATION NUMBER | |
| Classification number | 500.8 |
| Item number | MEN/HI |
| 100 ## - MAIN ENTRY--AUTHOR NAME | |
| Personal name | Menon, R V G . |
| 245 ## - TITLE STATEMENT | |
| Title | History of science and technology / |
| 260 ## - PUBLICATION, DISTRIBUTION, ETC. (IMPRINT) | |
| Place of publication | Calicut : |
| Name of publisher | Calicut University , |
| Year of publication | 2002. |
| 300 ## - PHYSICAL DESCRIPTION | |
| Number of Pages | 259 ; . |
| 942 ## - ADDED ENTRY ELEMENTS (KOHA) | |
| Koha item type | Books |
| Withdrawn status | Lost status | Damaged status | Home library | Current library | Date acquired | Full call number | Accession Number | Koha item type |
|---|---|---|---|---|---|---|---|---|
| KAUAET | KAUAET | 07/04/2012 | 500.8 | 21741 | Books |
